Top 15 landen met Covid-19 sterfgevallen - 22 januari - Statistieken

Algemene statistieken
  • Deze quiz is 3 keer genomen
  • De gemiddelde score is 8 van 24
Antwoordstatistieken
land % Correct
België
100%
Duitsland
100%
Verenigde Staten
100%
Frankrijk
67%
Italië
67%
Spanje
67%
Verenigd Koninkrijk
67%
Argentinië
33%
Brazilië
33%
India
33%
Mexico
33%
Peru
33%
Rusland
33%
Zuid-Afrika
33%
Bosnië en Herzegovina
0%
Bulgarije
0%
Colombia
0%
Hongarije
0%
Iran
0%
Kroatië
0%
Noord-Macedonië
0%
Panama
0%
Slovenië
0%
Tsjechië
0%
Geen overeenkomende quizzen gevonden
Scoreverdeling
Procent van Mensen met Elke Score
Percentiel versus Aantal Correcte Antwoorden
Uw Scoregeschiedenis
U heeft deze quiz nog niet genomen